Cornell Univeristy Locations Quiz Stats

 Plays Quiz not verified by Sporcle

Challenge
Share
Tweet
Embed
Score 0/42 Timer 20:00
0 Plays Today
Hint % Correct
Snow White eats theseAppel Commons
58.4%
Down-daughter, oppositesUpson Hall
56.6%
A tiny kitten's soundsMews Hall
56.1%
This building should've been made of logsLincoln Hall
53.2%
G.S. ______ AuditoriumG.S. Lewis Auditorium
50.9%
Not the butcher or the candlestick makerBaker Hall
49.1%
Alpha, ____, GammaBethe House
48.6%
#1's explorer partnerClark Hall
46.2%
A wise manSage Hall
44.5%
#FFFFFFWhite Hall
40.5%
___ __ a day's workOlin Hall
39.9%
CacophonyNoyes Community Center
39.9%
Barbie's boyfriend + Homer's neighborKennedy Hall
39.9%
Lock and ___ + This weighs a ___Keeton House
39.3%
Silver lose, and...Goldwin-Smith Hall
38.2%
A textbook publisher on the hillMcgraw Hall
34.7%
A large hammerMalott Hall
32.4%
_____ PeaceWarren Hall
28.3%
If Tom Cruise's kid got all jumbled upUris Hall
27.2%
A seagull, for clothingHollister Hall
26%
A red light districtHo Plaza
26%
Hint % Correct
A care center, for your childrenDay Hall
26%
A-needin' something, to drinkThurston Hall
24.3%
Nixon lived here, but not before ChristA.D. White House
21.4%
Screwdriver CentralPhillips Hall
20.2%
A Kardashian's KooshKimball Hall
20.2%
Streets CenterRhodes Hall
20.2%
A summer shirt + It landed in 1969Teagle Hall
17.3%
Jerry always blamed himHelen Newman Hall
16.8%
A yellow man's beer + Tackling a questionDuffield Hall
15.6%
Three NeesonsTrillium Hall
15.6%
High-altitude Howard's HallHughes Hall
15%
To scold + Opposite of exitCarpenter Hall
15%
The formula for angular momentumMartha Van Rensselaer
13.3%
Your brother or sister's Spanish lawSibley Hall
13.3%
An ethical edificationMorrill Hall
12.7%
Porn Star PlaceGeorge Jameson Hall
9.8%
To jostle a dudeRockefeller Hall
9.2%
I sold my Verizon sharesComstock Hall
9.2%
From flirting to 24Court-Kay-Bauer Hall
6.9%
A one-dollar bill wouldn't be caught dead ____Lyon Hall
5.8%
O, Protective Barriers of Dolls!Okenshields
4.6%

You're not logged in!

Compare scores with friends on all Sporcle quizzes.
Join for Free
OR
Log In

You Might Also Like...

Show Comments

Extras

Top Quizzes Today


Score Distribution

Your Account Isn't Verified!

In order to create a playlist on Sporcle, you need to verify the email address you used during registration. Go to your Sporcle Settings to finish the process.

Report this User

Report this user for behavior that violates our Community Guidelines.

Details: